=LDR 00000nam 2200000 4500 =001 INLIS000000000002451 =005 20130612090803 =008 ***********************************Ind** =035 ##$$0010-061300000002451 =041 ##$$a Ind =082 ##$$a 616.462 =090 ##$$a 616.462, Cok d =100 ##$$a Cokroprawiro, Iskandar =245 ##$$a Diabetes melitus, klasifikasi diagnosis dan dasar-dasar terapi, Iskandar Tjokroprawiro =260 ##$$a 1992 $b Jakarta =300 ##$$a x,118 hlm, ilus, 21 cm =650 ##$$a Diabetes =850 ##$$a NBPNMAT